Tie Up (Record no. 99713)
[ view plain ]
| 000 -LEADER | |
|---|---|
| fixed length control field | 03790njm a2200589Ia 4500 |
| 001 - CONTROL NUMBER | |
| control field | 85658 |
| 003 - CONTROL NUMBER IDENTIFIER | |
| control field | IT-RoPAU |
| 005 - DATE AND TIME OF LATEST TRANSACTION | |
| control field | 20220918181120.0 |
| 008 - FIXED-LENGTH DATA ELEMENTS--GENERAL INFORMATION | |
| fixed length control field | 131025s9999 xx 000 0 und d |
| 040 ## - CATALOGING SOURCE | |
| Original cataloging agency | IT-RoPAU |
| 040 ## - CATALOGING SOURCE | |
| Transcribing agency | IT-RoPAU |
| 041 ## - LANGUAGE CODE | |
| Language code of text/sound track or separate title | INGLESE |
| 999 ## - SYSTEM CONTROL NUMBERS (KOHA) | |
| Koha Dewey Subclass [OBSOLETE] | n.d. |
| 100 ## - MAIN ENTRY--PERSONAL NAME | |
| Personal name | AA.VV. |
| 9 (RLIN) | 794 |
| 100 ## - MAIN ENTRY--PERSONAL NAME | |
| Relator term | Autore musica |
| 9 (RLIN) | 26587 |
| 100 ## - MAIN ENTRY--PERSONAL NAME | |
| Miscellaneous information | Codice autore musica SPICS: 12000 |
| 9 (RLIN) | 796 |
| 245 ## - TITLE STATEMENT | |
| Title | Tie Up |
| 250 ## - EDITION STATEMENT | |
| Edition statement | 1a ed. |
| 260 ## - PUBLICATION, DISTRIBUTION, ETC. (IMPRINT) | |
| Place of publication, distribution, etc. | TORINO |
| 260 ## - PUBLICATION, DISTRIBUTION, ETC. (IMPRINT) | |
| Name of publisher, distributor, etc. | FONIT CETRA |
| Date of publication, distribution, etc. | 1990 [1a Ed.:1990 - Ed. Lingua Orig.: 1990] |
| 300 ## - PHYSICAL DESCRIPTION | |
| Extent | DISCO |
| 300 ## - PHYSICAL DESCRIPTION | |
| Dimensions | 58 minuti (Testo: 0 pag.) |
| 500 ## - GENERAL NOTE | |
| General note | Musica pop. Canzoni inglesi presentate al Festival di Sanremo 1990 |
| 505 ## - FORMATTED CONTENTS NOTE | |
| Formatted contents note | I Don't Wanna Lose You [(Turner Tina) (5:00)] - You Make Me Feel [(Mighty Real) (Somerville Jimmy) (4:00)] - Cruel, Crazy Beautiful World [(Clegg Johnny) (4:00)] - Respect [(Adeva) (5:00)] - Dangerous [(Roxette) (4:00)] - White Light [(Playhaus) (4:00)] - Hands On [(Aaron Lee) (5:00)] - Enjoy the Silence [(Depeche Mode) (5:00)] - Zobi la Mouche [(Les Negresses Vertes) (4:00)] - Love Don't Come Easy [(The Alarm) (4:00)] - Big Wedge [(Fish) (5:00)] - Butterfly On A Wheel [(The Mission) (6:00)] - Name and Number [(Curiosity) (5:00)] - Burn For You [(Curiosity) (4:00)] |
| 650 ## - SUBJECT ADDED ENTRY--TOPICAL TERM | |
| Topical term or geographic name as entry element | POP [DISCHI] |
| Relator term | Codice MATERIA SPICS: 9950 |
| 9 (RLIN) | 1001 |
| 700 ## - ADDED ENTRY--PERSONAL NAME | |
| Personal name | Hammond A. |
| Dates associated with a name | Codice autore musica SPICS: 14448 |
| Relator term | Autore musica |
| Name of part/section of a work | I Don't Wanna Lose You |
| 9 (RLIN) | 26588 |
| 700 ## - ADDED ENTRY--PERSONAL NAME | |
| Personal name | Lyle Graham |
| Dates associated with a name | Codice autore SPICS: 25638 |
| Relator term | Autore |
| Name of part/section of a work | I Don't Wanna Lose You |
| 9 (RLIN) | 26589 |
| 700 ## - ADDED ENTRY--PERSONAL NAME | |
| Personal name | Wirrick D. |
| Dates associated with a name | Codice autore musica SPICS: 30280 |
| Relator term | Autore musica |
| Name of part/section of a work | You Make Me Feel (Mighty Real) |
| 9 (RLIN) | 26590 |
| 700 ## - ADDED ENTRY--PERSONAL NAME | |
| Personal name | James Stafford |
| Dates associated with a name | Codice autore SPICS: 16229 |
| Relator term | Autore |
| Name of part/section of a work | You Make Me Feel (Mighty Real) |
| 9 (RLIN) | 26591 |
| 700 ## - ADDED ENTRY--PERSONAL NAME | |
| Personal name | Clegg Johnny |
| Dates associated with a name | Codice autore musica SPICS: 30282 |
| Relator term | Autore musica |
| Name of part/section of a work | Cruel, Crazy Beautiful World |
| 9 (RLIN) | 26592 |
| 700 ## - ADDED ENTRY--PERSONAL NAME | |
| Personal name | Redding O. |
| Dates associated with a name | Codice autore musica SPICS: 30283 |
| Relator term | Autore musica |
| Name of part/section of a work | Respect |
| 9 (RLIN) | 26593 |
| 700 ## - ADDED ENTRY--PERSONAL NAME | |
| Personal name | Gessle |
| Dates associated with a name | Codice autore musica SPICS: 30285 |
| Relator term | Autore musica |
| Name of part/section of a work | Dangerous |
| 9 (RLIN) | 26594 |
| 700 ## - ADDED ENTRY--PERSONAL NAME | |
| Personal name | Kurten |
| Dates associated with a name | Codice autore musica SPICS: 30287 |
| Relator term | Autore musica |
| Name of part/section of a work | White Light |
| 9 (RLIN) | 26595 |
| 700 ## - ADDED ENTRY--PERSONAL NAME | |
| Personal name | Petz |
| Dates associated with a name | Codice autore SPICS: 30288 |
| Relator term | Autore |
| Name of part/section of a work | White Light |
| 9 (RLIN) | 26596 |
| 700 ## - ADDED ENTRY--PERSONAL NAME | |
| Personal name | Aaron Lee |
| Dates associated with a name | Codice autore musica SPICS: 30290 |
| Relator term | Autore musica |
| Name of part/section of a work | Hands On |
| 9 (RLIN) | 26597 |
| 700 ## - ADDED ENTRY--PERSONAL NAME | |
| Personal name | Albani J. |
| Dates associated with a name | Codice autore SPICS: 30291 |
| Relator term | Autore |
| Name of part/section of a work | Hands On |
| 9 (RLIN) | 26598 |
| 700 ## - ADDED ENTRY--PERSONAL NAME | |
| Personal name | Sabu P. |
| Dates associated with a name | Codice autore testo/musica SPICS: 30292 |
| Relator term | Autore testo/musica |
| Name of part/section of a work | Hands On |
| 9 (RLIN) | 26599 |
| 700 ## - ADDED ENTRY--PERSONAL NAME | |
| Personal name | Gore Martin L. |
| Dates associated with a name | Codice autore musica SPICS: 21807 |
| Relator term | Autore musica |
| Name of part/section of a work | Enjoy the Silence |
| 9 (RLIN) | 26600 |
| 700 ## - ADDED ENTRY--PERSONAL NAME | |
| Personal name | Negresses Vertes (Les) |
| Dates associated with a name | Codice autore musica SPICS: 30293 |
| Relator term | Autore musica |
| Name of part/section of a work | Zobi la Mouche |
| 9 (RLIN) | 26601 |
| 700 ## - ADDED ENTRY--PERSONAL NAME | |
| Personal name | MacDonald |
| Dates associated with a name | Codice autore musica SPICS: 30294 |
| Relator term | Autore musica |
| Name of part/section of a work | Love Don't Come Easy |
| 9 (RLIN) | 26602 |
| 700 ## - ADDED ENTRY--PERSONAL NAME | |
| Personal name | Peters |
| Dates associated with a name | Codice autore SPICS: 30295 |
| Relator term | Autore |
| Name of part/section of a work | Love Don't Come Easy |
| 9 (RLIN) | 26603 |
| 700 ## - ADDED ENTRY--PERSONAL NAME | |
| Personal name | Dick |
| Dates associated with a name | Codice autore musica SPICS: 30297 |
| Relator term | Autore musica |
| Name of part/section of a work | Big Wedge |
| 9 (RLIN) | 26604 |
| 700 ## - ADDED ENTRY--PERSONAL NAME | |
| Personal name | Simmonds |
| Dates associated with a name | Codice autore SPICS: 30298 |
| Relator term | Autore |
| Name of part/section of a work | Big Wedge |
| 9 (RLIN) | 26605 |
| 700 ## - ADDED ENTRY--PERSONAL NAME | |
| Personal name | Adams T. |
| Dates associated with a name | Codice autore musica SPICS: 10300 |
| Relator term | Autore musica |
| Name of part/section of a work | Butterfly On A Wheel |
| 9 (RLIN) | 26606 |
| 700 ## - ADDED ENTRY--PERSONAL NAME | |
| Personal name | Brown |
| Dates associated with a name | Codice autore SPICS: 20445 |
| Relator term | Autore |
| Name of part/section of a work | Butterfly On A Wheel |
| 9 (RLIN) | 26607 |
| 700 ## - ADDED ENTRY--PERSONAL NAME | |
| Personal name | Hussey |
| Dates associated with a name | Codice autore testo/musica SPICS: 30300 |
| Relator term | Autore testo/musica |
| Name of part/section of a work | Butterfly On A Wheel |
| 9 (RLIN) | 26608 |
| 700 ## - ADDED ENTRY--PERSONAL NAME | |
| Personal name | Curiosity |
| Dates associated with a name | Codice autore musica SPICS: 30302 |
| Relator term | Autore musica |
| Name of part/section of a work | Name and Number |
| 9 (RLIN) | 26609 |
| 700 ## - ADDED ENTRY--PERSONAL NAME | |
| Personal name | Skinner B.F. |
| Dates associated with a name | Codice autore SPICS: 1195 |
| Relator term | Autore |
| Name of part/section of a work | Name and Number |
| 9 (RLIN) | 26610 |
| 700 ## - ADDED ENTRY--PERSONAL NAME | |
| Personal name | Barradale |
| Dates associated with a name | Codice autore musica SPICS: 30303 |
| Relator term | Autore musica |
| Name of part/section of a work | Burn For You |
| 9 (RLIN) | 26611 |
| 700 ## - ADDED ENTRY--PERSONAL NAME | |
| Personal name | Lockwood David |
| Dates associated with a name | Codice autore SPICS: 4563 |
| Relator term | Autore musica |
| Name of part/section of a work | Burn For You |
| 9 (RLIN) | 26612 |
| 942 ## - ADDED ENTRY ELEMENTS (KOHA) | |
| Koha item type | DISCHI |
| Source of classification or shelving scheme | Dewey Decimal Classification |
| Withdrawn status | Lost status | Damaged status | Not for loan | Home library | Current library | Date acquired | Total Checkouts | Full call number | Date last seen | Price effective from | Koha item type | Public note |
|---|---|---|---|---|---|---|---|---|---|---|---|---|
| Buone Condizioni | Not For Loan | SPICS-MEDIATECA | SPICS-MEDIATECA | 25/10/2013 | 85658 | 25/10/2013 | 25/10/2013 | DISCHI | Progr. Ins.: 21308 / N.Vol.: 1 / Copie: 1 - Copia rara: n.d. / date import: 01.01.2014 - By Epidotti, Trombetti, Vaglietti |